Khảo sát thành phần hóa học và hoạt tính sinh học của tinh dầu gừng (Zingiber officinale Roscoe) tinh dầu tiêu (Piper nigrum L.) : Báo cáo tổng kết đề tài khoa học và công nghệ cấp Trường

Khảo sát thành phần hóa học và hoạt tính sinh học của tinh dầu gừng và tinh dầu tiêu

Đã lưu trong:
Bibliografiske detaljer
Hovedforfatter: Trịnh, Minh Khang
Format: Bog
Sprog:Undetermined
Udgivet: Cần Thơ Trường Đại học Cần Thơ 2011
Fag:
Tags: Tilføj Tag
Ingen Tags, Vær først til at tagge denne postø!
Thư viện lưu trữ: Trung tâm Học liệu Trường Đại học Cần Thơ
LEADER 01118nam a2200229Ia 4500
001 CTU_203347
008 210402s9999 xx 000 0 und d
082 |a 633.83 
082 |b Kh106 
088 |a TSV2011-11 
100 |a Trịnh, Minh Khang 
245 0 |a Khảo sát thành phần hóa học và hoạt tính sinh học của tinh dầu gừng (Zingiber officinale Roscoe) tinh dầu tiêu (Piper nigrum L.) : 
245 0 |b Báo cáo tổng kết đề tài khoa học và công nghệ cấp Trường 
245 0 |c Trịnh Minh Khang, Nguyễn Thanh Huệ, Nguyễn Tấn Hoàng Sơn (Sinh viên thực hiện) ; Nguyễn Thị Bích Tuyền (cán bộ hướng dẫn) 
260 |a Cần Thơ 
260 |b Trường Đại học Cần Thơ 
260 |c 2011 
520 |a Khảo sát thành phần hóa học và hoạt tính sinh học của tinh dầu gừng và tinh dầu tiêu 
650 |a Spices,Cây gia vị 
904 |i Nguyên 
915 |a CN 
980 |a Trung tâm Học liệu Trường Đại học Cần Thơ